AH International Schools' Libraries

(KHMER) I want to know: (Record no. 49774)

MARC details
000 -LEADER
fixed length control field 00332nam a2200109 4500
020 ## - INTERNATIONAL STANDARD BOOK NUMBER
International Standard Book Number 9789995054168
100 ## - MAIN ENTRY--PERSONAL NAME
Personal name Sunheng Mengchheang
9 (RLIN) 86896
245 ## - TITLE STATEMENT
Title (KHMER) I want to know:
Remainder of title animals of cambodia & other places /
Statement of responsibility, etc Sunheng Mengchheang
260 ## - PUBLICATION, DISTRIBUTION, ETC. (IMPRINT)
Place of publication, distribution, etc Cambodia
Name of publisher, distributor, etc Sipar
Date of publication, distribution, etc 2025
300 ## - PHYSICAL DESCRIPTION
Extent 49 p.
Other physical details col. ill.
Dimensions 20 cm.
942 ## - ADDED ENTRY ELEMENTS (KOHA)
Source of classification or shelving scheme
Koha item type Book
Holdings
Withdrawn status Lost status Source of classification or shelving scheme Damaged status Not for loan Collection code Home library Current library Shelving location Date acquired Total Checkouts Full call number Barcode Date last seen Date checked out Price effective from Koha item type
          Siem Riep Asian Hope Siem Reap Asian Hope Siem Reap SECONDARY 11/17/2025 1 KHMER 590 SUN 209446 04/30/2026 04/23/2026 11/17/2025 Book

For any Logos Library related questions please contact Miss Art at swongnarasuk@asianhope.org.

For any Asian Hope Library related questions please contact Miss Raza at graza@asianhope.org.

Powered by Koha